| 000 | 00673nam a2200241 a 4500 | ||
|---|---|---|---|
| 999 |
_c4235 _d4235 |
||
| 001 | 4235 | ||
| 003 | BD-JhCC | ||
| 005 | 20171127193558.0 | ||
| 008 | 171125r19651961pk |||| |||| 000 0 mul d | ||
| 035 | _a(BD-JhCC)4235 | ||
| 040 |
_aBD-JhCC _dBD-JhCC |
||
| 041 | _aEnglish and Arabic | ||
| 082 |
_a297 _bASH 1965 |
||
| 100 | _aAshraf, SH. Muhammad | ||
| 245 |
_aSecond Book of Islam : _bFaith & Deeds Prayers & Fasting / _cSH. Muhammad Ashraf, |
||
| 250 | _aRevisesd Edition | ||
| 260 |
_aLahore : _bAshraf Press, _c1961 [Reprinted 1965] |
||
| 300 |
_a57 p. : _c18 cm. |
||
| 490 | _a"Lessons in Islam" Book II | ||
| 650 | _aIslam | ||
| 942 |
_2ddc _cBK |
||